|
|
|
|
| LEADER |
00000nam a2200000 4500 |
| 001 |
vtls012249050 |
| 003 |
SK-MaSNL |
| 005 |
20260331212724.0 |
| 008 |
240126s2021 si ago b n 000 0 eng |
| 015 |
|
|
|a SNBZSA2024/05
|
| 020 |
|
|
|a 9789811644726
|q (viazané)
|
| 020 |
|
|
|a 9789811644733
|q (eBook)
|
| 040 |
|
|
|a SNK
|b slo
|c SNK
|e rda
|
| 041 |
0 |
|
|a eng
|
| 043 |
|
|
|a e------
|a a------
|
| 044 |
|
|
|a si
|c SG
|
| 072 |
|
7 |
|a 78.01
|x Muzikológia. Dejiny hudby
|2 konspekt
|
| 080 |
|
|
|a 78
|2 2011
|
| 080 |
|
|
|a 78.031.4
|2 2011
|
| 080 |
|
|
|a 781.68
|2 2011
|
| 080 |
|
|
|a 78.01
|2 2011
|
| 080 |
|
|
|a (4)
|2 2011
|
| 080 |
|
|
|a (5)
|2 2011
|
| 080 |
|
|
|a (082)
|2 2011
|
| 100 |
1 |
|
|a Lu, Yu-hsiu
|4 edt
|4 aui
|4 aut
|9 371777
|
| 245 |
1 |
4 |
|a The legacy of indigenous music
|b Asian and European perspectives
|c Yu-hsiu Lu, Oskar Elschek, editors
|
| 264 |
|
1 |
|a Singapore
|b Springer
|c [2021]
|
| 264 |
|
4 |
|c ©2021
|
| 300 |
|
|
|a x, 238 strán
|b fotografie, ilustrácie, noty
|c 24 cm
|
| 336 |
|
|
|a text
|b txt
|2 rdacontent
|
| 337 |
|
|
|a bez média
|b n
|2 rdamedia
|
| 338 |
|
|
|a zväzok
|b nc
|2 rdacarrier
|
| 490 |
1 |
|
|a Sinophone and Taiwan studies
|v Volume 4
|
| 500 |
|
|
|a Obsahuje profesijné údaje o editoroch a profesijné pôsobenie prispievateľov
|
| 504 |
|
|
|a Obsahuje bibliografiu za jednotlivými príspevkami
|
| 650 |
0 |
7 |
|a etnomuzikológia
|2 SNKPH
|9 64259
|
| 650 |
0 |
7 |
|a ľudová hudba
|2 SNKPH
|9 3183
|
| 650 |
0 |
7 |
|a hudobná interpretácia
|2 SNKPH
|9 3211
|
| 650 |
0 |
7 |
|a hudobná kritika
|2 SNKPH
|9 1754
|
| 650 |
0 |
7 |
|a Ethnomusicology
|2 SNKPHeng
|9 329463
|
| 650 |
0 |
7 |
|a Folk music
|2 SNKPHeng
|9 90462
|
| 650 |
0 |
7 |
|a Musical interpretation
|2 SNKPHeng
|9 266549
|
| 650 |
0 |
7 |
|a Musical criticism
|2 SNKPHeng
|9 57438
|
| 651 |
|
7 |
|a Európa
|2 SNKPHgeo
|9 167569
|
| 651 |
|
7 |
|a Ázia
|2 SNKPHgeo
|9 28709
|
| 651 |
|
7 |
|a Europe
|2 SNKPHeng
|9 56249
|
| 651 |
|
7 |
|a Asia
|2 SNKPHeng
|9 267356
|
| 655 |
|
7 |
|a zborníky
|2 SNKPH
|9 70165
|
| 655 |
|
7 |
|a Papers of several authors
|2 SNKPHeng
|9 153738
|
| 700 |
1 |
|
|a Elschek, Oskár,
|d 1931-2026
|4 edt
|4 aut
|9 89406
|
| 830 |
|
0 |
|a Sinophone and Taiwan studies
|9 371778
|
| 852 |
|
|
|a Slovenská národná knižnica
|
| 919 |
|
|
|a 978-981-16-4472-6
|
| 919 |
|
|
|a 978-981-16-4473-3
|
| 954 |
|
|
|a odborná, vedecká literatúra cudzojazyčná (svetová)
|2 lita
|
| 954 |
|
|
|a odborná, vedecká literatúra pôvodná (slovenská)
|2 lita
|
| 958 |
|
|
|a ZS
|
| 958 |
|
|
|a NB
|
| 999 |
|
|
|c 665366
|d 667296
|
| 952 |
|
|
|a SNK
|b SNK
|y PREZ
|7 0
|p 17A1544026
|o snkSC 206889
|i snk2024/9361
|8 4
|g 142.99
|0 0
|1 0
|4 0
|d 2024-01-26
|l 0
|r 2025-10-30 00:00:00
|w 2026-02-23
|